| 000 | 00539nam a2200181Ia 4500 | ||
|---|---|---|---|
| 008 | 180921t1999 xxu||||| |||| 00| 0 sin d | ||
| 041 | _asin | ||
| 080 |
_a59 _bWIJ |
||
| 100 | _aWijewickrama, Jayantha | ||
| 245 | _aමහ සයුරේබුද්ධමතා : ඩොල්පින් | ||
| 246 | _aThe intellect of the ocean :The dolphin | ||
| 260 |
_bAuthor Publishing _aNugegoda _c1999 |
||
| 300 | _a72p., ill., 19 cm | ||
| 650 |
_aMammals _aFish |
||
| 942 | _cBK | ||
| 999 |
_c17332 _d17332 |
||
| 003 | LK-CoDNM | ||
| 040 |
_aLK-CoDNM _dLK-CoDNM _eLK-CoDNM |
||